000 00617nam a22001937a 4500
005 20180620123826.0
008 180620b xxu||||| |||| 00| 0 eng d
010 _aA-994131
020 _a8120721098
_c0.00
035 _aA-994131
037 _bBPPD/PUB
082 1 4 _a641.595432
100 _aKuttaiah, Ranee Vijaya
245 1 _aCuisine from coorg
_cby Ranee Vijaya Kuttaiah
260 _aNew Delhi
_bSterling Publishers (P) Ltd
_c2000
270 _aL-10, Green park extension
_bNew Delhi
_e110 016
300 _avi, 90p. :
_c24cm (Hb)
_bcol. photos
942 _adpl
_cEN
_2ddc
_h641.595432
_mKUT
999 _c152857
_d152857